[Event "II Open A"]
[Site "San Marino SMR"]
[Date "2006.06.05"]
[Round "1"]
[White "Venturino, Marco"]
[Black "Garcia Palermo, Carlos Horacio"]
[Result "1-0"]
[WhiteElo "2134"]
[BlackElo "2462"]
[PlyCount "129"]
[EventDate "2006.06.05"]

1. d4 Nf6 2. c4 e6 3. g3 Bb4+ 4. Nd2 d5 5. Bg2 O-O 6. Qc2 Re8 7. Ngf3 b6 8. O-O
Bb7 9. Rd1 Na6 10. b3 Bf8 11. a3 c5 12. dxc5 bxc5 13. e4 Rb8 14. cxd5 exd5 15.
exd5 Bxd5 16. Bb2 Qb6 17. Ng5 Bxb3 18. Nxb3 Qxb3 19. Qxb3 Rxb3 20. Bxf6 gxf6
21. Bd5 Rxg3+ 22. fxg3 fxg5 23. Rf1 Re7 24. Rxf7 Rxf7 25. Rf1 Nc7 26. Bxf7+ Kg7
27. Bc4 Bd6 28. Rf7+ Kg6 29. Rd7 Be5 30. Bd3+ Kf6 31. Rxh7 a5 32. Bc4 Kf5 33.
Bd3+ Kf6 34. Kg2 Ne8 35. Rh6+ Ke7 36. Ra6 Bc3 37. Kf3 Nd6 38. Rc6 Bd4 39. Kg4
Be3 40. h4 gxh4 41. Kxh4 Kd7 42. Ra6 c4 43. Bc2 Bd2 44. Kh5 Ke7 45. g4 Nb5 46.
a4 Nd4 47. Be4 c3 48. Rxa5 c2 49. Ra7+ Kd6 50. Bxc2 Nxc2 51. g5 Nd4 52. g6 Ne6
53. g7 Nxg7+ 54. Rxg7 Kc6 55. Rg2 Ba5 56. Rb2 Bb6 57. Kg4 Kc5 58. Kf5 Kc6 59.
Ke4 Bg1 60. Kd3 Bb6 61. Kc4 Ba7 62. Rb5 Bb6 63. a5 Bf2 64. Rf5 Be3 65. Rf7 1-0

[Event "II Open A"]
[Site "San Marino SMR"]
[Date "2006.06.05"]
[Round "1"]
[White "Vescovi Portilho, Giovanni"]
[Black "Djingarova, Emilia"]
[Result "1-0"]
[WhiteElo "2622"]
[BlackElo "2319"]
[PlyCount "67"]
[EventDate "2006.06.05"]

1. d4 Nf6 2. Nf3 e6 3. Bg5 h6 4. Bh4 c5 5. e3 Nc6 6. Nbd2 d5 7. c3 cxd4 8. exd4
Be7 9. Bd3 Nh5 10. Bxe7 Qxe7 11. O-O Nf4 12. Bc2 Qf6 13. Re1 O-O 14. Nf1 Re8
15. Ne3 Bd7 16. Ng4 Qd8 17. Qd2 e5 18. Ngxe5 Nxe5 19. dxe5 g5 20. Re3 g4 21.
Ree1 gxf3 22. Qxf4 Qg5 23. Qxg5+ hxg5 24. Bb3 Bc6 25. Rad1 Rad8 26. gxf3 Kg7
27. Rd4 Kg6 28. Re3 Rd7 29. f4 Rde7 30. Rg3 f6 31. Bxd5 fxe5 32. Rxg5+ Kh6 33.
Rxe5 Rg7+ 34. Kf1 1-0

[Event "II Open A"]
[Site "San Marino SMR"]
[Date "2006.06.06"]
[Round "2"]
[White "Areshchenko, Alexander"]
[Black "Stopa, Jacek"]
[Result "1-0"]
[WhiteElo "2660"]
[BlackElo "2469"]
[PlyCount "39"]
[EventDate "2006.06.05"]

1. e4 c5 2. Nf3 Nc6 3. d4 cxd4 4. Nxd4 Nf6 5. Nc3 e5 6. Ndb5 d6 7. Bg5 a6 8.
Na3 b5 9. Bxf6 gxf6 10. Nd5 f5 11. g3 Bg7 12. Bg2 fxe4 13. Bxe4 O-O 14. Ne3 Qc7
15. Qh5 h6 16. g4 Ra7 17. g5 f5 18. gxf6 Rxf6 19. Qe8+ Rf8 20. Qxc6 1-0

[Event "II Open A"]
[Site "San Marino SMR"]
[Date "2006.06.06"]
[Round "2"]
[White "Ehlvest, Jaan"]
[Black "Zude, Erik"]
[Result "1-0"]
[WhiteElo "2607"]
[BlackElo "2416"]
[PlyCount "87"]
[EventDate "2006.06.05"]

1. Nf3 Nf6 2. c4 e6 3. g3 b6 4. Bg2 Bb7 5. d4 Be7 6. Nc3 Ne4 7. Bd2 Bf6 8. Qc2
Nxd2 9. Qxd2 O-O 10. Rc1 c5 11. d5 exd5 12. cxd5 Re8 13. O-O d6 14. h4 Na6 15.
Nh2 Nc7 16. Ng4 Bd4 17. e3 Bxc3 18. bxc3 Qd7 19. Nh2 b5 20. Rfd1 c4 21. Rb1
Rab8 22. Qc2 Na6 23. Nf3 Nc5 24. Ng5 g6 25. Rd4 a6 26. h5 Re5 27. Ne4 Nxe4 28.
Bxe4 Rxh5 29. a4 Rc8 30. Bg2 Rc5 31. axb5 axb5 32. e4 Re5 33. f4 Re8 34. Qd2
Qg4 35. Qf2 Bc8 36. e5 Bf5 37. Re1 Bd3 38. f5 Qxf5 39. Rf4 Qd7 40. Rf6 Qc8 41.
Rxf7 Rc7 42. e6 Ree7 43. Bh3 Qe8 44. Qf6 1-0

[Event "II Open A"]
[Site "San Marino SMR"]
[Date "2006.06.06"]
[Round "2"]
[White "Epishin, Vladimir V."]
[Black "Lettieri, Giuseppe"]
[Result "1-0"]
[WhiteElo "2565"]
[BlackElo "2285"]
[PlyCount "131"]
[EventDate "2006.06.05"]

1. d4 d5 2. c4 c6 3. Nf3 Nf6 4. Qb3 g6 5. Bf4 dxc4 6. Qxc4 Bg7 7. Nbd2 Bf5 8.
Qb3 Qb6 9. e3 Nbd7 10. Bc4 Qxb3 11. axb3 Nh5 12. Bc7 O-O 13. h3 Nhf6 14. g4 Be4
15. g5 Nd5 16. Bg3 Bxf3 17. Nxf3 Nb4 18. O-O b5 19. Be2 a6 20. Rfd1 c5 21. Ne5
Nxe5 22. dxe5 Rad8 23. Rac1 Rxd1+ 24. Rxd1 Rc8 25. f4 e6 26. Kf2 Bf8 27. Kf3
Nd5 28. Be1 Be7 29. Ra1 Rc6 30. h4 Nb4 31. h5 Nc2 32. Rc1 Nxe1+ 33. Rxe1 gxh5
34. Rh1 c4 35. bxc4 bxc4 36. Rc1 h6 37. gxh6 Kh7 38. Bxc4 Kxh6 39. b3 a5 40.
Ra1 Bb4 41. Rd1 Rc7 42. Ra1 Bc3 43. Ra2 Bb4 44. Ke4 Rc5 45. Ra1 Kg7 46. Rg1+
Kf8 47. Kd4 Rc8 48. Rh1 Ke7 49. Rxh5 Rd8+ 50. Ke4 Rg8 51. Rh7 Kf8 52. Kf3 Rg7
53. Rh1 Rg8 54. Rh7 Rg7 55. Rh5 Bc3 56. Rh1 Bb4 57. Bd3 Ke7 58. Rh8 Rg1 59. Bb5
f6 60. Rh7+ Kf8 61. exf6 Bc3 62. Re7 Bxf6 63. Rxe6 Be7 64. Bc4 Rc1 65. Ra6 Bb4
66. f5 1-0

[Event "II Open A"]
[Site "San Marino SMR"]
[Date "2006.06.06"]
[Round "2"]
[White "Ivanisevic, Ivan"]
[Black "Borgo, Giulio"]
[Result "1/2-1/2"]
[WhiteElo "2598"]
[BlackElo "2414"]
[PlyCount "57"]
[EventDate "2006.06.05"]

1. d4 d5 2. c4 e6 3. Nc3 c6 4. Nf3 Nf6 5. Bg5 Nbd7 6. e3 Qa5 7. cxd5 exd5 8.
Bd3 Ne4 9. O-O Nxg5 10. Nxg5 Nf6 11. h3 Bb4 12. Qc2 h6 13. Nf3 O-O 14. a3 Bxc3
15. bxc3 c5 16. dxc5 Bd7 17. Nd4 Qxc5 18. Qb2 Rfc8 19. Rfc1 b5 20. Qb4 a6 21.
Rc2 Rc7 22. Nb3 Qa7 23. Qf4 Rac8 24. Rac1 Qb6 25. Nd4 Rc5 26. Nb3 R5c7 27. Nd4
Rc5 28. Nb3 R5c7 29. Nd4 1/2-1/2

[Event "II Open A"]
[Site "San Marino SMR"]
[Date "2006.06.06"]
[Round "2"]
[White "Jobava, Baadur"]
[Black "Djuric, Stefan"]
[Result "0-1"]
[WhiteElo "2646"]
[BlackElo "2464"]
[PlyCount "20"]
[EventDate "2006.06.05"]

1. d4 Nf6 2. c4 g6 3. Nc3 d5 4. Bg5 Ne4 5. Bh4 Nxc3 6. bxc3 dxc4 7. e3 Be6 8.
Nf3 Bh6 9. Rb1 b6 10. Ne5 O-O 0-1

[Event "II Open A"]
[Site "San Marino SMR"]
[Date "2006.06.06"]
[Round "2"]
[White "Kuljasevic, Davorin"]
[Black "Gagunashvili, Merab"]
[Result "0-1"]
[WhiteElo "2408"]
[BlackElo "2560"]
[PlyCount "80"]
[EventDate "2006.06.05"]

1. d4 d6 2. Nf3 Bg4 3. c4 Nd7 4. Nc3 Bxf3 5. exf3 g6 6. Be2 Bg7 7. Be3 Ngf6 8.
O-O O-O 9. Qb3 Rb8 10. d5 Nb6 11. Qa3 Nc8 12. b4 Nd7 13. Rac1 c6 14. c5 cxd5
15. Nxd5 e6 16. Nc3 d5 17. Rfd1 a6 18. b5 axb5 19. Nxb5 Qe7 20. Qa5 Ne5 21. Rb1
Nc6 22. Qc7 Ra8 23. Rd2 Ra5 24. Qxe7 N8xe7 25. Nd6 Rfa8 26. Nxb7 Rxa2 27. Bb5
R2a7 28. Bxc6 Nxc6 29. Rdd1 Rb8 30. Rb6 Raxb7 31. Rxc6 Rb1 32. Rf1 d4 33. Bf4
e5 34. Bd2 R1b2 35. Ba5 Rc2 36. g3 Rb5 37. Bb6 Bf8 38. Rc8 Kg7 39. Re1 Rbb2 40.
Rxe5 Rxb6 0-1

[Event "II Open A"]
[Site "San Marino SMR"]
[Date "2006.06.06"]
[Round "2"]
[White "Milanovic, Danilo"]
[Black "Agrifoglio, Fabio"]
[Result "0-1"]
[WhiteElo "2513"]
[BlackElo "2005"]
[PlyCount "102"]
[EventDate "2006.06.05"]

1. d4 g6 2. c4 d6 3. e4 Bg7 4. Nc3 c6 5. Be2 Qb6 6. Nf3 Bg4 7. Na4 Qc7 8. O-O
Nd7 9. Be3 e5 10. d5 Bxf3 11. Bxf3 c5 12. a3 Bh6 13. Bxh6 Nxh6 14. Qc1 Ng8 15.
Nc3 h5 16. Bd1 Ngf6 17. f4 Qd8 18. f5 g5 19. Qxg5 Ke7 20. Qh4 Qf8 21. Qg5 Rg8
22. Qd2 Qg7 23. Kh1 Qg5 24. Qxg5 Rxg5 25. Rf2 Rag8 26. b3 a5 27. Bf3 b6 28. Rb2
Ng4 29. Nd1 Ra8 30. Kg1 Ndf6 31. Nc3 h4 32. Na4 Rb8 33. b4 Ne3 34. Rc1 axb4 35.
axb4 cxb4 36. h3 Rbg8 37. Kh2 Nd7 38. Re2 Ra8 39. Nb2 Ra3 40. Rce1 Rb3 41. Kg1
Nc2 42. Rxc2 Rxf3 43. Kh2 Ra3 44. Nd1 Nc5 45. Nf2 Rgg3 46. f6+ Kd7 47. Rb2 b3
48. Rf1 Ra2 49. Rfb1 Rxb2 50. Rxb2 Rc3 51. Nd1 Rxc4 0-1

[Event "II Open A"]
[Site "San Marino SMR"]
[Date "2006.06.06"]
[Round "2"]
[White "Psakhis, Lev B."]
[Black "Lujan, Carolina Maria"]
[Result "1-0"]
[WhiteElo "2551"]
[BlackElo "2378"]
[PlyCount "65"]
[EventDate "2006.06.05"]

1. c4 Nf6 2. Nf3 g6 3. Nc3 d5 4. Qa4+ Bd7 5. Qb3 dxc4 6. Qxc4 Nc6 7. d4 Bg7 8.
e4 O-O 9. e5 Be6 10. exf6 Bxc4 11. fxg7 Kxg7 12. Bxc4 Nxd4 13. Nxd4 Qxd4 14.
Be2 Qb4 15. O-O Rad8 16. a3 Qb3 17. Bd1 Qc4 18. Bf3 Qb3 19. Re1 Rfe8 20. Ne4 b6
21. Nd2 Qc2 22. Be4 Qc5 23. b4 Qd4 24. Ra2 e5 25. Rc2 Re7 26. h4 f5 27. Nf3
Qxe4 28. Rxe4 fxe4 29. Bg5 Rd1+ 30. Kh2 Rf7 31. Nxe5 Rf5 32. Rxc7+ Kg8 33. Ng4
1-0

[Event "II Open A"]
[Site "San Marino SMR"]
[Date "2006.06.06"]
[Round "2"]
[White "Zozulia, Anna"]
[Black "Flores, Diego"]
[Result "1/2-1/2"]
[WhiteElo "2355"]
[BlackElo "2494"]
[PlyCount "72"]
[EventDate "2006.06.05"]

1. e4 c5 2. Nf3 e6 3. d4 cxd4 4. Nxd4 a6 5. Bd3 g6 6. O-O Bg7 7. c3 d5 8. exd5
Qxd5 9. Be3 Nf6 10. Nd2 Nbd7 11. Be2 O-O 12. a4 Qd6 13. Nc4 Qc7 14. Re1 Nd5 15.
Bg5 N7f6 16. Bf1 b6 17. a5 b5 18. Nb6 Nxb6 19. axb6 Qxb6 20. Nxb5 Rd8 21. Qc2
Bb7 22. Nd4 Rd5 23. Nf3 Qc7 24. Bh4 Nh5 25. Ra4 a5 26. Rd1 Rxd1 27. Qxd1 Bc6
28. Ra1 e5 29. b4 e4 30. Nd4 axb4 31. Rxa8+ Bxa8 32. Nb5 Qb8 33. cxb4 Bf8 34.
Qd4 Ng7 35. Bg3 Qb7 36. Nc7 e3 1/2-1/2

[Event "II Open A"]
[Site "San Marino SMR"]
[Date "2006.06.07"]
[Round "3"]
[White "Agrifoglio, Fabio"]
[Black "Goloshchapov, Alexander"]
[Result "0-1"]
[WhiteElo "2005"]
[BlackElo "2556"]
[PlyCount "84"]
[EventDate "2006.06.05"]

1. d4 d5 2. Nf3 Nf6 3. c4 e6 4. Nc3 c6 5. cxd5 exd5 6. Bg5 Be7 7. Qc2 g6 8. e3
Bf5 9. Bd3 Bxd3 10. Qxd3 Nbd7 11. O-O O-O 12. Ne5 Nxe5 13. dxe5 Nd7 14. Bxe7
Qxe7 15. f4 f6 16. Rad1 fxe5 17. Nxd5 cxd5 18. Qxd5+ Rf7 19. Qxb7 Nb6 20. Qe4
exf4 21. Rxf4 Re8 22. Rd4 Rc8 23. Rxf7 Qxf7 24. Rd1 Qxa2 25. Rf1 Qd5 26. Qe7
Qd7 27. Qb4 Qc6 28. Qd4 Qd5 29. Qf6 Re8 30. h3 Qe6 31. Qxe6+ Rxe6 32. Ra1 Rxe3
33. Rxa7 Rb3 34. h4 h5 35. Kh2 Nc4 36. Rc7 Ne3 37. Rc3 Ng4+ 38. Kg3 Rxb2 39.
Rf3 Kg7 40. Kh3 Re2 41. Rf4 Re4 42. Rf1 Ne3 0-1

[Event "II Open A"]
[Site "San Marino SMR"]
[Date "2006.06.07"]
[Round "3"]
[White "Akobian, Varuzhan"]
[Black "Rodshtein, Maxim"]
[Result "1/2-1/2"]
[WhiteElo "2575"]
[BlackElo "2483"]
[PlyCount "72"]
[EventDate "2006.06.05"]

1. d4 e6 2. Nf3 Nf6 3. c4 b6 4. Nc3 Bb4 5. Bg5 h6 6. Bh4 Bxc3+ 7. bxc3 Bb7 8.
Nd2 g5 9. Bg3 d6 10. f3 Nbd7 11. e4 Nh5 12. Bf2 f5 13. c5 dxc5 14. Bc4 Nf4 15.
exf5 Nxg2+ 16. Kf1 Nf4 17. fxe6 Nf6 18. dxc5 Bd5 19. h4 Bxc4+ 20. Nxc4 Qxd1+
21. Rxd1 Ke7 22. Re1 Nd3 23. Re2 Nf4 24. Re5 Nd3 25. hxg5 hxg5 26. Rxh8 Rxh8
27. Rxg5 Rh2 28. Bg3 Rxa2 29. cxb6 cxb6 30. Ne5 Ra1+ 31. Kg2 Nc5 32. Rg6 Nxe6
33. Nc6+ Kf7 34. Ne5+ Ke7 35. Nc6+ Kf7 36. Ne5+ Ke7 1/2-1/2

[Event "II Open A"]
[Site "San Marino SMR"]
[Date "2006.06.07"]
[Round "3"]
[White "Aldrovandi, Costantino"]
[Black "Kuljasevic, Davorin"]
[Result "0-1"]
[WhiteElo "2215"]
[BlackElo "2408"]
[PlyCount "126"]
[EventDate "2006.06.05"]

1. Nf3 c5 2. g3 Nc6 3. Bg2 g6 4. O-O Bg7 5. d3 e5 6. c4 Nge7 7. Nc3 O-O 8. a3
d6 9. Rb1 a5 10. Bd2 h6 11. Ne1 Be6 12. Nd5 Rb8 13. Qa4 b5 14. cxb5 Nd4 15.
Bxa5 Qd7 16. Nxe7+ Qxe7 17. Qd1 Bb3 18. Qd2 Ba2 19. Ra1 Nb3 20. Rxa2 Nxd2 21.
Bxd2 Qe6 22. Ra1 Rxb5 23. Bc3 d5 24. b4 e4 25. Bxg7 Kxg7 26. dxe4 dxe4 27. Nc2
Qc4 28. Ne3 Qxe2 29. Rfd1 Rb7 30. Bf1 Qb2 31. Rdb1 Qd4 32. b5 Ra8 33. b6 Rxb6
34. Rd1 Qa4 35. h4 h5 36. Rd5 Qb3 37. Bc4 Qb2 38. Rad1 Rxa3 39. R5d2 Qe5 40.
Rd5 Qc3 41. Rxc5 Ra1 42. Rcd5 Rxd1+ 43. Rxd1 Rb2 44. Bd5 Qf6 45. Rf1 Qf3 46.
Ng2 f6 47. Nf4 g5 48. Ng2 Qd3 49. Ne3 Rxf2 50. Rxf2 Qxe3 51. hxg5 Qxg3+ 52. Rg2
Qe3+ 53. Kh2 fxg5 54. Bc4 g4 55. Be2 Kf6 56. Bf1 Kg5 57. Re2 Qf3 58. Kg1 h4 59.
Rg2 h3 60. Rh2 Qg3+ 61. Kh1 Qe1 62. Kg1 g3 63. Rxh3 Qf2+ 0-1

[Event "II Open A"]
[Site "San Marino SMR"]
[Date "2006.06.07"]
[Round "3"]
[White "Baldazzi, Stefano"]
[Black "Nolte, Rolando"]
[Result "0-1"]
[WhiteElo "2168"]
[BlackElo "2372"]
[PlyCount "80"]
[EventDate "2006.06.05"]

1. c4 Nf6 2. g3 e6 3. Bg2 d5 4. Nf3 Be7 5. O-O O-O 6. Qc2 b6 7. d3 Bb7 8. Nbd2
c5 9. a3 Nc6 10. e3 Qc7 11. b3 Rad8 12. Bb2 Qb8 13. Rac1 Qa8 14. cxd5 Nxd5 15.
Ne5 Nxe5 16. Bxe5 f6 17. Bb2 Nf4 18. gxf4 Bxg2 19. Rfe1 Qd5 20. d4 Bh3 21. e4
Qh5 22. Qd3 cxd4 23. Qg3 Bd6 24. e5 fxe5 25. fxe5 Rf5 26. f4 Be7 27. Rc7 Rf7
28. Rec1 Bf5 29. Qg2 d3 30. Rc8 Rxc8 31. Rxc8+ Rf8 32. Rxf8+ Bxf8 33. b4 Qd1+
34. Nf1 a5 35. Bc3 Qc1 36. Qd2 Qxa3 37. bxa5 bxa5 38. Bxa5 Qa1 39. Kg2 Be4+ 40.
Kf2 Bc5+ 0-1

[Event "II Open A"]
[Site "San Marino SMR"]
[Date "2006.06.07"]
[Round "3"]
[White "Beccaris, Gabriele"]
[Black "Zoldan, Matteo"]
[Result "1/2-1/2"]
[WhiteElo "2025"]
[BlackElo "2127"]
[PlyCount "24"]
[EventDate "2006.06.05"]

1. e4 c5 2. c3 d6 3. d4 Nf6 4. Bd3 cxd4 5. cxd4 g6 6. Nf3 Bg7 7. O-O O-O 8. Nc3
Bg4 9. Be2 Nc6 10. Be3 d5 11. e5 Ne4 12. Rc1 f6 1/2-1/2

[Event "II Open A"]
[Site "San Marino SMR"]
[Date "2006.06.07"]
[Round "3"]
[White "Bentivegna, Francesco"]
[Black "Shengelia, Davit"]
[Result "0-1"]
[WhiteElo "2287"]
[BlackElo "2556"]
[PlyCount "74"]
[EventDate "2006.06.05"]

1. e4 g6 2. d4 Bg7 3. Nc3 c6 4. f4 d6 5. Nf3 Bg4 6. Be3 Qb6 7. Qd2 Bxf3 8. gxf3
Nd7 9. O-O-O Ngf6 10. f5 Qa5 11. Kb1 gxf5 12. Rg1 Bf8 13. Rg5 e6 14. exf5 h6
15. Rg3 Qxf5 16. Bd3 Qh5 17. f4 Qa5 18. f5 e5 19. dxe5 dxe5 20. Bc4 Bb4 21.
Bxh6 O-O-O 22. Qc1 Bxc3 23. Rxc3 Ne4 24. Ra3 Qc7 25. Bxf7 Ndc5 26. Rxd8+ Qxd8
27. Be3 Rxh2 28. b4 Na4 29. Qe1 Re2 30. Qg1 Nec3+ 31. Kc1 Rxe3 32. Rxc3 Rxc3
33. Qxa7 Qg5+ 34. Kb1 Qxf5 35. Qxa4 Qxf7 36. Qa8+ Kc7 37. Qa5+ Kd7 0-1

[Event "II Open A"]
[Site "San Marino SMR"]
[Date "2006.06.07"]
[Round "3"]
[White "Borgo, Giulio"]
[Black "Guliyev, Namig"]
[Result "1/2-1/2"]
[WhiteElo "2414"]
[BlackElo "2580"]
[PlyCount "130"]
[EventDate "2006.06.05"]

1. e4 c5 2. Nf3 e6 3. c4 d6 4. d4 cxd4 5. Nxd4 Nf6 6. Nc3 Be7 7. Be2 O-O 8. Be3
Nc6 9. O-O Bd7 10. Qd2 a6 11. Rfd1 Qc7 12. Rac1 Ne5 13. f3 Rac8 14. b3 Rfe8 15.
Kh1 Qb8 16. f4 Nc6 17. Nf3 Qc7 18. Bd3 Rb8 19. Bb1 Red8 20. Nd5 exd5 21. cxd5
Re8 22. dxc6 Bxc6 23. Nd4 Bf8 24. Nxc6 bxc6 25. Rc4 c5 26. Bf2 Qb7 27. Qc2 g6
28. Ra4 d5 29. exd5 Nxd5 30. Re4 Rxe4 31. Qxe4 Nc3 32. Qxb7 Rxb7 33. Rd8 Kg7
34. Bd3 Be7 35. Re8 Rd7 36. g3 Kf6 37. Bxa6 Rd2 38. Bg1 Rxa2 39. Bc4 Ne4 40.
Rc8 Rd2 41. Rc6+ Bd6 42. Be3 Rd1+ 43. Kg2 Ke7 44. Rb6 Bc7 45. Rb7 Kd8 46. Ra7
f5 47. Ra8+ Kd7 48. Rh8 Nf6 49. h3 Bd6 50. Ra8 Re1 51. Ra7+ Ke8 52. Bf2 Rb1 53.
Ra8+ Kd7 54. Ra7+ Kd8 55. Ra8+ Kc7 56. Ra7+ Kb8 57. Ra2 Kb7 58. Kf3 Rh1 59. Re2
Kc6 60. Kg2 Rc1 61. Re1 Rc2 62. Re2 Rc3 63. Re3 Rc2 64. Re2 Rc1 65. Re1 Rc2
1/2-1/2

[Event "II Open A"]
[Site "San Marino SMR"]
[Date "2006.06.07"]
[Round "3"]
[White "Bottino, Alexiei"]
[Black "Pechy, Alaster"]
[Result "1/2-1/2"]
[WhiteElo "2048"]
[BlackElo "2199"]
[PlyCount "128"]
[EventDate "2006.06.05"]

1. e4 c5 2. Nf3 Nc6 3. d4 cxd4 4. Nxd4 Nf6 5. Nc3 e5 6. Ndb5 d6 7. Bg5 a6 8.
Na3 b5 9. Nd5 Be7 10. Bxf6 Bxf6 11. c3 Bg5 12. Nc2 Rb8 13. a4 bxa4 14. Ncb4 Bd7
15. Bxa6 Nxb4 16. cxb4 O-O 17. O-O Bc6 18. Rxa4 Bxa4 19. Qxa4 f5 20. b5 fxe4
21. Qxe4 Qa5 22. Qc4 Qd2 23. Nc3+ Kh8 24. Ne4 Qf4 25. g3 Qg4 26. Nxd6 Qf3 27.
Qe4 Bd8 28. Qxf3 Rxf3 29. Kg2 Rb3 30. Nf7+ Kg8 31. Nxe5 Bf6 32. Nd7 Rd8 33.
Nxf6+ gxf6 34. b6 Rxb2 35. b7 Rd6 36. Rc1 Rxa6 37. Rc8+ Kg7 38. b8=Q Rxb8 39.
Rxb8 Ra2 40. Rb4 h5 41. Rf4 Kg6 42. h3 Rb2 43. Rc4 Ra2 44. Kf3 Ra3+ 45. Kg2 Ra2
46. Rc5 Rb2 47. h4 Ra2 48. Rc4 Rb2 49. Re4 Kf5 50. Rc4 Kg6 51. Rc3 Ra2 52. Kf3
Rb2 53. Rc4 Ra2 54. Rd4 Kf5 55. Rd5+ Kg6 56. Ke3 Ra3+ 57. Rd3 Ra2 58. f3 Rg2
59. Kf4 Rh2 60. Rd8 Ra2 61. Re8 Kf7 62. Re4 Ra5 63. g4 Kg6 64. Rb4 Rc5 1/2-1/2

[Event "II Open A"]
[Site "San Marino SMR"]
[Date "2006.06.07"]
[Round "3"]
[White "Brandenburg, Daan"]
[Black "Govoni, Fausto"]
[Result "1-0"]
[WhiteElo "2376"]
[BlackElo "2215"]
[PlyCount "45"]
[EventDate "2006.06.05"]

1. e4 c5 2. c3 d6 3. d4 cxd4 4. cxd4 g6 5. Nc3 Bg7 6. Be3 Nf6 7. h3 O-O 8. g4
Qa5 9. Bg2 Nc6 10. Nge2 e5 11. Qd2 Re8 12. O-O a6 13. f4 b5 14. dxe5 dxe5 15.
f5 gxf5 16. exf5 Bb7 17. Bh6 Qb6+ 18. Rf2 Nd4 19. Qg5 Nh5 20. f6 Bxg2 21. Nxd4
exd4 22. gxh5 dxc3 23. Qxg7# 1-0

[Event "II Open A"]
[Site "San Marino SMR"]
[Date "2006.06.07"]
[Round "3"]
[White "Bruno, Fabio"]
[Black "Lacrosse, Marc"]
[Result "1-0"]
[WhiteElo "2394"]
[BlackElo "2231"]
[PlyCount "81"]
[EventDate "2006.06.05"]

1. c4 e6 2. Nf3 d5 3. e3 Nf6 4. b3 c6 5. Bb2 Nbd7 6. Qc2 Bd6 7. cxd5 exd5 8. d3
O-O 9. Nbd2 Re8 10. Be2 a5 11. a3 Qe7 12. Nd4 Ne5 13. h3 Bd7 14. g4 c5 15. Nf5
Bxf5 16. gxf5 Rac8 17. Rg1 b5 18. Kf1 Qd7 19. e4 c4 20. bxc4 bxc4 21. dxc4 dxe4
22. Nxe4 Qxf5 23. Nxf6+ Qxf6 24. Rg3 Bc5 25. Bf3 Qf4 26. Bd5 Bd4 27. Re1 Bxb2
28. Qxb2 Kh8 29. Re4 Qf5 30. Qb5 f6 31. Qxa5 Rb8 32. Qc7 Ng6 33. Rb3 Rbd8 34.
Rb7 Qxh3+ 35. Kg1 Ne7 36. Rxe7 Rxe7 37. Qxe7 Qg4+ 38. Kf1 Qd1+ 39. Qe1 Qd3+ 40.
Qe2 Qxa3 41. Qg4 1-0

[Event "II Open A"]
[Site "San Marino SMR"]
[Date "2006.06.07"]
[Round "3"]
[White "Cacco, Christian"]
[Black "Pegoraro, Nicola"]
[Result "0-1"]
[WhiteElo "2322"]
[BlackElo "2057"]
[PlyCount "50"]
[EventDate "2006.06.05"]

1. d4 f5 2. g3 Nf6 3. Bg2 g6 4. b4 Bg7 5. Nf3 c6 6. c4 O-O 7. O-O a5 8. b5 cxb5
9. cxb5 d6 10. Qb3+ Kh8 11. Nc3 Qe8 12. Ba3 Ne4 13. Rac1 Bd7 14. Nxe4 fxe4 15.
Ng5 Rf5 16. Qe3 Rxb5 17. Bxe4 Nc6 18. Rfd1 Nb4 19. Bb1 Rc8 20. Ne6 Nd5 21. Qe4
Bh6 22. Bd3 Rxc1 23. Rxc1 Nf6 24. Qh4 Bxc1 25. Nc7 Qc8 0-1

[Event "II Open A"]
[Site "San Marino SMR"]
[Date "2006.06.07"]
[Round "3"]
[White "Calavalle, Giulio"]
[Black "Borbjerggaard, Lars"]
[Result "1/2-1/2"]
[WhiteElo "2193"]
[BlackElo "2375"]
[PlyCount "87"]
[EventDate "2006.06.05"]

1. e4 d5 2. exd5 Nf6 3. Nc3 Nxd5 4. Bc4 Nb6 5. Be2 g6 6. d3 Bg7 7. Bd2 Nc6 8.
Nf3 O-O 9. Qc1 e5 10. Bh6 Nd5 11. Bxg7 Kxg7 12. Qd2 f6 13. O-O-O Nd4 14. Nxd4
exd4 15. Nxd5 Qxd5 16. Bf3 Qd6 17. Kb1 Be6 18. Rhe1 Rfe8 19. g3 a5 20. Re2 Ra6
21. Rde1 a4 22. Qf4 Qxf4 23. gxf4 b5 24. f5 gxf5 25. Kc1 Kf8 26. Bh5 Re7 27.
Kd2 c5 28. Bf3 Ke8 29. Bb7 Rb6 30. Bc8 Kf7 31. b3 a3 32. f4 Rc6 33. Bxe6+ Rcxe6
34. Rxe6 Rxe6 35. Rxe6 Kxe6 36. Ke2 Kd5 37. Kf3 Kc6 38. Ke2 Kb6 39. b4 cxb4 40.
Kd2 Kc5 41. Ke2 Kd5 42. Kf2 Kd6 43. Kf3 Kc5 44. Ke2 1/2-1/2

[Event "II Open A"]
[Site "San Marino SMR"]
[Date "2006.06.07"]
[Round "3"]
[White "Cebalo, Miso"]
[Black "Areshchenko, Alexander"]
[Result "1/2-1/2"]
[WhiteElo "2506"]
[BlackElo "2660"]
[PlyCount "91"]
[EventDate "2006.06.05"]

1. d4 Nf6 2. c4 g6 3. Nc3 d5 4. h4 c6 5. cxd5 cxd5 6. Bf4 Nc6 7. e3 Bg7 8. Nf3
O-O 9. Be2 Bg4 10. O-O Qa5 11. Qb3 Qb4 12. Qxb4 Nxb4 13. a3 Nc6 14. Rfc1 Na5
15. Nd2 Bxe2 16. Nxe2 Rac8 17. Rc3 Rxc3 18. Nxc3 Rc8 19. Kf1 b6 20. Be5 Nc6 21.
Bxf6 Bxf6 22. g3 Na5 23. Ke2 a6 24. Rc1 Rc6 25. Na2 Kf8 26. Rxc6 Nxc6 27. Nb3
e6 28. Nac1 e5 29. dxe5 Bxe5 30. Nd3 Bg7 31. Nd2 Ke7 32. Nf3 Kd6 33. Kd2 f5 34.
Ng5 h6 35. Nf3 d4 36. exd4 Nxd4 37. Nxd4 Bxd4 38. b3 b5 39. f3 a5 40. Nf4 g5
41. hxg5 hxg5 42. Ne2 Bc5 43. Kd3 Kd5 44. Nc3+ Kc6 45. a4 bxa4 46. Nxa4 1/2-1/2

[Event "II Open A"]
[Site "San Marino SMR"]
[Date "2006.06.07"]
[Round "3"]
[White "Chierici, Marianna"]
[Black "Kaplan, Sasha"]
[Result "0-1"]
[WhiteElo "1922"]
[BlackElo "2341"]
[PlyCount "114"]
[EventDate "2006.06.05"]

1. e4 e5 2. Nf3 Nc6 3. Bc4 Nf6 4. Ng5 d5 5. exd5 Na5 6. Bb5+ Bd7 7. Qe2 Be7 8.
Nc3 O-O 9. O-O Re8 10. Bxd7 Qxd7 11. d3 Bb4 12. Bd2 Bxc3 13. Bxc3 Qxd5 14. Bxa5
Qxa5 15. Qf3 Qb4 16. Rab1 c6 17. c3 Qa4 18. a3 Rad8 19. Qe3 b6 20. f3 h6 21.
Nh3 Qb5 22. Rfd1 Rd6 23. Rd2 Nd5 24. Qe1 Rde6 25. Nf2 Nf4 26. g3 Ng6 27. Qe4
Rd8 28. Rbd1 c5 29. b4 cxb4 30. Qxb4 Qc6 31. Kg2 Rd5 32. d4 exd4 33. Rxd4 Rxd4
34. cxd4 Ne7 35. Re1 Nd5 36. Rxe6 Nxb4 37. Rxc6 Nxc6 38. d5 Ne7 39. d6 Nc6 40.
Ng4 f6 41. Ne3 Kf7 42. f4 Ke6 43. g4 Nd4 44. g5 hxg5 45. fxg5 fxg5 46. Kg3 Kxd6
47. Kg4 Ke5 48. Kxg5 Nf3+ 49. Kg6 Nxh2 50. Kxg7 Nf3 51. Kf7 Ke4 52. Nc2 a5 53.
a4 Nd4 54. Na3 Kd3 55. Ke7 Kc3 56. Nb1+ Kc2 57. Na3+ Kb3 0-1

[Event "II Open A"]
[Site "San Marino SMR"]
[Date "2006.06.07"]
[Round "3"]
[White "Cocchi, Andrea"]
[Black "Roberti, Ignazio"]
[Result "1-0"]
[WhiteElo "2333"]
[BlackElo "1946"]
[PlyCount "63"]
[EventDate "2006.06.05"]

1. g3 Nf6 2. Bg2 g6 3. e4 d6 4. d4 Bg7 5. Nc3 c6 6. Nge2 Na6 7. h3 O-O 8. Be3
c5 9. dxc5 Nxc5 10. e5 Nfd7 11. exd6 Ne6 12. dxe7 Qxe7 13. Nd5 Qd8 14. c3 Ne5
15. O-O Bd7 16. Qb3 Bc6 17. Rad1 Qe8 18. Qc2 Nc4 19. Bc1 Kh8 20. b3 Ne5 21. f4
Bxd5 22. Rxd5 Nc6 23. f5 Nc7 24. Rd3 Qe7 25. Re3 Qc5 26. Kh2 Bh6 27. Re4 Bxc1
28. Qxc1 Rae8 29. Qh6 Rxe4 30. Bxe4 Re8 31. fxg6 fxg6 32. Rf7 1-0

[Event "II Open A"]
[Site "San Marino SMR"]
[Date "2006.06.07"]
[Round "3"]
[White "Coimbra, Margarida"]
[Black "Barlocco, Carlo"]
[Result "1/2-1/2"]
[WhiteElo "2070"]
[BlackElo "2188"]
[PlyCount "76"]
[EventDate "2006.06.05"]

1. e4 Nc6 2. d4 d6 3. Nf3 g6 4. Nc3 Bg7 5. Be2 e6 6. O-O Nf6 7. Re1 O-O 8. h3
b6 9. Bf4 Bb7 10. Qd2 e5 11. dxe5 dxe5 12. Qxd8 Raxd8 13. Nxe5 Nxe5 14. Bxe5
Nxe4 15. Bxg7 Kxg7 16. Bf3 f5 17. Rad1 Nxc3 18. Rxd8 Rxd8 19. Bxb7 Rd1 20. Rxd1
Nxd1 21. b4 Nc3 22. a3 Nb5 23. a4 Nd4 24. c4 Kf6 25. g4 Nc2 26. b5 Nd4 27. Kg2
Ne6 28. Bf3 Ke5 29. Kg3 f4+ 30. Kh4 Kf6 31. Bd5 h6 32. Bxe6 Kxe6 33. g5 h5 34.
f3 Kd7 35. a5 bxa5 36. c5 a4 37. b6 axb6 38. c6+ Kxc6 1/2-1/2